MAASAI MARA UNIVERSITY

LIBRARY CATALOGUE

Contact Us: +254 020 2685356/7 or 0774 057787

Box: 861-20500, NAROK, KENYA

Email: info@mmarau.ac.ke

_Management by menu(4th ed) Lendel Kotschevar (Record no. 6220)

MARC details
000 -LEADER
fixed length control field 00457nam a2200145Ia 4500
008 - FIXED-LENGTH DATA ELEMENTS--GENERAL INFORMATION
fixed length control field 151021s9999 xx 000 0 und d
020 ## - INTERNATIONAL STANDARD BOOK NUMBER
International Standard Book Number 9.78047045e+012
245 ## - TITLE STATEMENT
Title _Management by menu(4th ed) Lendel Kotschevar
260 ## - PUBLICATION, DISTRIBUTION, ETC. (IMPRINT)
Place of publication, distribution, etc. New jersey John Wiley and Sons 2008
300 ## - PHYSICAL DESCRIPTION
Extent xi,395p.
500 ## - GENERAL NOTE
General note Includes bibliographic reference and index.
650 ## - SUBJECT ADDED ENTRY--TOPICAL TERM
Topical term or geographic name as entry element _Food service management
700 ## - ADDED ENTRY--PERSONAL NAME
Personal name _Diane Withrow
980 ## - EQUIVALENCE OR CROSS-REFERENCE-SERIES STATEMENT--PERSONAL NAME/TITLE [LOCAL, CANADA]
Personal name ^d20110119 03:20:09^oanne

No items available.

© 2016 Maasai Mara University.